000 00775nam a2200265 i 4500
001 C2-0248340
003 PPAK
005 20210601101109.0
008 030410s2003 my a j | 0 may d
020 _a9832472334
_qpaperback
040 _aPPAK
_beng
_cPPAK
_erda
082 0 4 _a398.2
_223
090 0 0 _a398.2
_bSAL
_dK
100 0 _aSalmah Haji Alwi,
_eauthor.
245 1 0 _aKisah anak kembar /
_cSalmah Haji Alwi
264 1 _aSeri Kembangan, Selangor :
_bPenerbitan PCT,
_c2003
300 _a64 pages :
_billustrations ;
_c22 cm
336 _2rdacontent
_atext
337 _2rdamedia
_aunmediated
338 _2rdacarrier
_avolume
490 1 _aKoleksi sastera terpilih
650 1 0 _aFolk literature, Malay
830 0 _aKoleksi sastera terpilih
942 _cB
_2ddc
999 _c62050
_d62050